Normal view
MARC view
- Thomas, Edward
Entry Personal Name
001 - CONTROL NUMBER
- control field: 107242
003 - CONTROL NUMBER IDENTIFIER
- control field: NUST
005 - DATE AND TIME OF LATEST TRANSACTION
- control field: 20230120125714.0
008 - FIXED-LENGTH DATA ELEMENTS
- fixed length control field: 230120|| aca||aabn | a|a d
040 ## - CATALOGING SOURCE
- Original cataloging agency: NUST
- Transcribing agency: NUST
100 ## - HEADING--PERSONAL NAME
- Personal name: Thomas, Edward
670 ## - SOURCE DATA FOUND
- Source citation: Work cat.: (NUST)186777: Thomas, Edward,, The pocket book of poems and songs for the open air /, 1929
